| 000 | 00685cam a2200253 4500 | ||
|---|---|---|---|
| 001 | 15395 | ||
| 003 | BD-RjUL | ||
| 005 | 20211208235816.0 | ||
| 008 | 140210s1969 nyu b 001 0 eng d | ||
| 035 | _a(BD-RjUL)15449 | ||
| 040 |
_aDLC _cDLC _dDLC _dBD-RjUL _beng |
||
| 041 | _aeng | ||
| 082 | 0 | 0 |
_a572.7 _bBAE 1969 _223 |
| 100 | 1 |
_aBarman, Thomas E. _945434 |
|
| 245 | 1 | 0 |
_aEnzyme handbook / _cThomas E. Barman. |
| 260 |
_aNew York : _bSpringer, _c1969-1974 |
||
| 300 |
_av. ; _c22 cm. |
||
| 350 | _a78.00 | ||
| 504 | _aIncludes bibliographies. | ||
| 505 | 0 | _aV.1. -- V.2. -- | |
| 650 | 0 |
_aEnzymes _xHandbooks, manuals, etc. _945435 |
|
| 942 |
_2ddc _cBK |
||
| 999 |
_c15395 _d15395 |
||